Theoretical and experimental study of fatigue in photomultiplier tubes
Gespeichert in:
| 1. Verfasser: | |
|---|---|
| Format: | Buch |
| Sprache: | Undetermined |
| Veröffentlicht: |
Puerto Rico : Puerto Rico Nuclear Center,
1964.
|
| Schlagworte: | |
| Tags: |
Tag hinzufügen
Keine Tags, Fügen Sie den ersten Tag hinzu!
|
MARC
| LEADER | 00000nam a2200000Ia 4500 | ||
|---|---|---|---|
| 003 | L000712 | ||
| 005 | 20221231143951.0 | ||
| 008 | 140114s9999 xx 000 0 und d | ||
| 040 | |c cru CEDI | ||
| 082 | |a 539.76 C229t | ||
| 100 | |a Cantarell, I. |9 19675 | ||
| 245 | |a Theoretical and experimental study of fatigue in photomultiplier tubes | ||
| 260 | |a Puerto Rico : Puerto Rico Nuclear Center, |c 1964. | ||
| 300 | |a 31-48 páginas : ilustraciones ; 28 cm | ||
| 500 | |a Separata de: "Nuclear science and engineering". 18, 31-48. 1964. | ||
| 650 | |x ENERGIA ATOMICA |9 1957 | ||
| 942 | |2 ddc |c BK | ||
| 999 | |c 14943 |d 14943 | ||
